000
00290nam a22001337a 4500
008
180224b xxu||||| |||| 00| 0 eng d
020
_a
9781889720197
041
_a
eng
080
_a
232
100
_a
24
101
_a
TEO
245
_a
Learning About Islam
_c
Emerick, Y
942
_2
udc
_c
BK
999
_c
43369
_d
43369